000 00496nam a2200169 4500
999 _c507985
_d507985
008 190302b ||||| |||| 00| 0 eng d
100 _aBodenhorn, Howard
_92929
245 _aFinance and urbanization in early nineteenth-century New York
260 _c2018
300 _ap.47-58.
650 _aUrbanization
_92930
650 _aBanking- United States - New York
_92931
700 _aCuberes, David
_92932
773 _aJournal of Urban Economics
906 _aPopulation
942 _2ddc
_cAR